Weiter zum Inhalt

Английский язык для медицинских вузов учебник

Учебник содержит семь тематических циклов, охватывающих программу I-II курсов медицинских вузов. Он является основой учебного комплекса, в который входят также "Лабораторные работы по английскому языку для медицинских вузов" и "Лексический минимум по английскому языку для медицинских...

Ausführliche Beschreibung

Gespeichert in:
Bibliographische Detailangaben
1. Verfasser: Маслова А.М
Format: Книга
Schlagworte:
Online Zugang:https://www.studentlibrary.ru/book/ISBN9785970433485.html
Tags: Tag hinzufügen
Keine Tags, Fügen Sie den ersten Tag hinzu!
LEADER 02649nam a2200289 4500
001 book/ISBN9785970433485
005 20250903142001.0
010 |a 978-5-9704-3348-5 
100 |a 20150910c2015 u y0rusy50 ca 
101 | |a rus 
102 |a RU 
105 |a ||||||||000yy 
200 1 |a Английский язык для медицинских вузов  |e учебник  |f Маслова А.М., Вайнштейн З.И., Плебейская Л.С. 
210 1 |a Москва  |c ГЭОТАР-Медиа  |d 2015 
215 |a 336 c. 
330 |a Учебник содержит семь тематических циклов, охватывающих программу I-II курсов медицинских вузов. Он является основой учебного комплекса, в который входят также "Лабораторные работы по английскому языку для медицинских вузов" и "Лексический минимум по английскому языку для медицинских вузов". В конце учебника приведены ключи к упражнениям, дающие студентам возможность контролировать самостоятельную работу над материалом, справочник по правилам чтения и словообразования, грамматический справочник и англо-русский словарь. В настоящее издание внесены незначительные изменения и уточнения. Вся транскрипция исправлена с учетом современного написания. Книга может быть с успехом использована не только студентами-медиками, но и всеми, кто самостоятельно изучает английский язык для работы с иностранной медицинской литературой. 
610 0 |a Иностранный язык 
610 0 |a Клиническая медицина 
610 0 |a Науки о здоровье и профилактическая медицина 
610 0 |a Фармация 
610 0 |a Фундаментальная медицина 
700 1 |a Маслова  |b А.М. 
701 1 |a Вайнштейн  |b З.И. 
701 1 |a Плебейская  |b Л.С. 
801 0 |a RU  |b Geotar  |c 20150910  |g RCR  |2 rusmarc 
801 1 |a RU  |b Geotar  |c 20150910 
856 4 |u https://www.studentlibrary.ru/book/ISBN9785970433485.html 
Cannot write session to /tmp/vufind_sessions/sess_0e5h310rvr1jap838v0tfp63rq